Theory of knowledge

Sábháilte in:
Sonraí bibleagrafaíochta
Príomhchruthaitheoir: Chisholm, Roderick M.
Formáid: LEABHAR
Teanga:Undetermined
Foilsithe / Cruthaithe: Estados Unidos Prentice Hall 1966
Ábhair:
Clibeanna: Cuir clib leis
Níl clibeanna ann, Bí ar an gcéad duine le clib a chur leis an taifead seo!

MARC

LEADER 00000nam a2200000Ia 4500
008 170316s9999 xx 000 0 und d
090 |a 100 CH-11t 
100 |a Chisholm, Roderick M. 
245 |a Theory of knowledge 
260 |a Estados Unidos 
260 |b Prentice Hall 
260 |c 1966 
300 |a 117 páginas 
650 |a FILOSOFÍA 
999 |c 15978  |d 15978 
040 |a cru BVZT 
942 |c 15 D  |h 100 CH-11t  |2 z